| 000 | 01323nam a2200241Ia 4500 | ||
|---|---|---|---|
| 999 |
_c36246 _d36246 |
||
| 001 | 2149 | ||
| 003 | GE_BSU | ||
| 005 | 20190506170504.0 | ||
| 008 | 181216s2006||||ge |||||||||||||| ||geo|| | ||
| 020 | _a9992871997 | ||
| 040 | _cGE_BSU | ||
| 041 | _ageo | ||
| 080 | _a343+343.267 წ–49 | ||
| 100 |
_aწერეთელი, თინათინ, _cიურისტი, იურიდიულ მეცნიერებათა დოქტორი, _9816 |
||
| 245 |
_aსაზოგადოებრივი საშიშროება და მართლწინააღმდეგობა სისხლის სამართალში / _cთინათინ წერეთელი ; რედ. ოთარ გამყრელიძე ; პროექტის ავტ. ნაირა გელაშვილი. |
||
| 264 |
_aთბილისი : _bკავკასიური სახლი, _c2006. |
||
| 300 |
_a224 გვ.; _b20 სმ. |
||
| 504 | _aბიბლიოგრ. ტექსტის შენიშვნ. | ||
| 653 | _aსამართალი | ||
| 653 | _aსისხლის სამართალი | ||
| 700 |
_aგელაშვილი, ნაირა _eპროექტის ავტორი _9817 |
||
| 942 |
_cBK _2udc |
||